Loading...
| Religion | 0 | 4 | 0 | 0 | 40 | 74 | 97.00 | 1 | 3 | 8.57 | 20.00 |
| Science - Chemistry | 0 | 4 | 1 | 0 | 35 | 68 | 79.00 | 1 | 4 | 9.32 | 27.50 |
| History - European | 0 | 3 | 0 | 0 | 30 | 88 | 98.67 | 0 | 1 | 1.84 | 10.00 |
| Science - Physics | 0 | 3 | 2 | 1 | 20 | 32 | 69.67 | 1 | 2 | 9.97 | 17.50 |
| Literature - World | 0 | 2 | 0 | 0 | 20 | 109 | 112.00 | 0 | 1 | 0.00 | 5.00 |
| History - Other | 0 | 2 | 0 | 0 | 20 | 71 | 94.00 | 1 | 1 | 2.97 | 12.50 |
| History - World | 0 | 2 | 1 | 0 | 15 | 94 | 95.00 | 0 | 1 | 2.49 | 10.00 |
| Science - Other | 0 | 2 | 1 | 0 | 15 | 74 | 86.00 | 0 | 2 | 5.85 | 12.50 |
| Literature - European | 0 | 1 | 0 | 1 | 10 | 113 | 113.00 | 0 | 0 | 0.00 | 2.50 |
| Fine Arts - Other | 0 | 1 | 0 | 1 | 10 | 99 | 99.00 | 0 | 1 | 0.00 | 5.00 |
| History - American | 0 | 1 | 0 | 0 | 10 | 45 | 45.00 | 0 | 1 | 6.05 | 7.50 |
| Literature - British | 0 | 1 | 0 | 0 | 10 | 109 | 109.00 | 0 | 0 | 0.44 | 2.50 |
| Popular Culture | 0 | 1 | 0 | 0 | 10 | 92 | 92.00 | 0 | 1 | 2.73 | 8.33 |
| Philosophy | 0 | 1 | 1 | 0 | 5 | 38 | 38.00 | 1 | 1 | 8.02 | 12.50 |
| Fine Arts - Painting and Sculpture | 0 | 1 | 1 | 0 | 5 | 107 | 107.00 | 0 | 1 | 0.78 | 5.00 |
| Literature - American | 0 | 0 | 0 | 0 | 0 | 0.00 | 0 | 0 | 0.00 | 0.00 | |
| Mythology | 0 | 0 | 1 | 0 | -5 | 0.00 | 0 | 0 | 0.00 | 0.00 | |
| Fine Arts - Classical Music | 0 | 0 | 1 | 0 | -5 | 0.00 | 0 | 0 | 0.00 | 0.00 | |
| Current Events | 0 | 0 | 1 | 0 | -5 | 0.00 | 0 | 0 | 0.00 | 0.00 | |
| Science - Biology | 0 | 0 | 3 | 0 | -15 | 0.00 | 0 | 0 | 0.00 | 0.00 |